Optimization techniques in operations research / (رقم التسجيلة. 26226)
[ عرض عادي ]
| 000 -الفاتح | |
|---|---|
| حقل البيانات ثابتة الطول | 00994cam a2200313 4500 |
| 001 - رقم الضبط | |
| رقم الضبط | 737207 |
| 003 - محدد رقم الضبط | |
| رقم الضبط | OSt |
| 005 - وقت وتاريخ اخر تعامل مع التسجيلة | |
| رقم الضبط | 20150408114102.0 |
| 008 - عناصر البيانات ثابتة الطول - معلومات عامة | |
| حقل البيانات ثابتة الطول | 731023t19741975njua b 001 0 eng |
| 010 ## - رقم ضبط مكتبة الكونجرس | |
| رقم ضبط مكتبة الكونجرس | 73018320 |
| 020 ## - الرقم الدولى المعيارى للكتب | |
| الرقم الدولى المعيارى للكتاب | 9788190656689 |
| 035 ## - رقم ضبط النظام | |
| رقم ضبط النظام | .b66386378 |
| 040 ## - مصدر الفهرسة | |
| وكالة الفهرسة الأصلية | DLC |
| وكالة النسخ | DLC |
| وكالة التعديل | OCLCQ |
| -- | YBM |
| -- | OCLCQ |
| -- | AU@ |
| -- | OSU |
| -- | UtOrBLW |
| 049 ## - المجموعات المحلية (OCLC) | |
| مكتبة المقتنيات | OSUU |
| 050 00 - رقم طلب مكتبة الكونجرس | |
| رقم التصنيف | T57.6 |
| رقم المادة | .S59 |
| 082 00 - رقم تصنيف ديوى العشرى | |
| رقم التصنيف | 001.424 |
| رقم الطبعة | 22 |
| 100 1# - المدخل الرئيسى - إسم شخصى | |
| الإسم الشخصى | Gupta, C. B |
| 9 (RLIN) | 17838 |
| 245 10 - بيان العنوان | |
| العنوان | Optimization techniques in operations research / |
| بيان المسئوليه,etc | Gupta, C. B |
| 260 ## - PUBLICATION, DISTRIBUTION, ETC. (IMPRINT) | |
| مكان الناشر او الموزع | Englewood Cliffs, N.J. : |
| اسم الناشر او الموزع | Prentice-Hall, |
| تاريخ النشر أو التوزيع | Gupta, C. B |
| 300 ## - الوصف المادى | |
| التعداد | 298 p. |
| تفاصيل ماديه اخرى للوعاء | illus. |
| أبعاد الوعاء | 24 cm. |
| 500 ## - تبصرة عامة | |
| تبصرة عامة | Companion volume to Analysis of systems in operations research. |
| 504 ## - تبصرة ببليوجرافية | |
| تبصرة ببليوجرافية,الخ | Includes bibliographical references. |
| 530 ## - تبصرة أشكال مادية أخرى متاحة | |
| اشكال ماديه اخرى متاحة للعنصر | Also issued online. |
| 650 #0 - المدخل الاضافى بالموضوع-مصطلح موضوعى | |
| مصطلح موضوعي أو اسم جغرافي كعنصر مدخل | Operations research. |
| 650 #0 - المدخل الاضافى بالموضوع-مصطلح موضوعى | |
| مصطلح موضوعي أو اسم جغرافي كعنصر مدخل | Mathematical optimization. |
| 9 (RLIN) | 12151 |
| 650 #0 - المدخل الاضافى بالموضوع-مصطلح موضوعى | |
| مصطلح موضوعي أو اسم جغرافي كعنصر مدخل | Programming (Mathematics) |
| 9 (RLIN) | 17839 |
| 700 1# - المدخل الاضافى - اسم شخصى | |
| الإسم الشخصى | Stanfel, L. E., |
| التواريخ المصاحبة للاسم | 1940- |
| 9 (RLIN) | 17840 |
| 942 ## - عناصر المدخل الإضافي( كوها) | |
| مصدر التصنيف او مخطط الترفيف | Dewey Decimal Classification |
| Koha [default] item type | كتاب |
| حالة الفقد | نموذج السعر الفعال | حالة تلف | ليس للاعارة | رقم الطلب | تاريخ الاكتساب | الموقع الحالي | الباركود | الفرع الرئيسي | Date last seen | نوع المادة فى نظام كوها | مصدر التصنيف او خطة الترفيف | Total Checkouts |
|---|---|---|---|---|---|---|---|---|---|---|---|---|
| 2013-03-10 | 001.424 G C O | 2012-11-30 | المكتبة المركزية بالمجمعة (CL) | 07000000010241 | المكتبة المركزية بالمجمعة (CL) | 2013-03-10 | كتاب | Dewey Decimal Classification | ||||
| 2013-03-10 | 001.424 G C O | 2012-11-30 | المكتبة المركزية بالمجمعة (CL) | 07000000010240 | المكتبة المركزية بالمجمعة (CL) | 2013-03-10 | كتاب | Dewey Decimal Classification |
